Literary Titles Containing Authors' Names Quiz Stats

 Plays Quiz not verified by Sporcle

Challenge
Share
Tweet
Embed
Score 0/10 Timer 05:00
0 Plays Today
Author Literary Work % Correct
Edward AlbeeWho's Afraid of Virginia Woolf?
76.9%
William ShakespeareJulius Caesar
71.8%
Julian BarnesFlaubert's Parrot
38.5%
Haruki MurakamiKafka on the Shore
35.9%
Edmond RostandCyrano de Bergerac
25.6%
Don DeLilloMao II
25.6%
Denis DiderotRameau's Nephew
10.3%
Bertolt BrechtLife of Galileo
10.3%
David MarksonWittgenstein's Mistress
10.3%
Hermann BrochThe Death of Virgil
5.1%

You're not logged in!

Compare scores with friends on all Sporcle quizzes.
OR
Log In

You Might Also Like...

Show Comments

Extras

Created Feb 19, 2013ReportNominate
Tags:Author Quiz

Top Quizzes Today


Score Distribution

Your Account Isn't Verified!

In order to create a playlist on Sporcle, you need to verify the email address you used during registration. Go to your Sporcle Settings to finish the process.

Report this User

Report this user for behavior that violates our Community Guidelines.

Details: